000 00343nam a2200133Ia 4500
005 20260328104309.0
008 260328s9999||||xx |||||||||||||| ||und||
100 _aChing, Francis D.K.
245 0 _aManual de Estructuras Ilustrado /
_cFrancis D.K. Ching
260 _bGustavo Gili
300 _a311 p.
650 _aESTRUCTURAS
942 _cBK
999 _c10883
_d10883